00000000nam##2200000za#4500
0019.601953
003CaOODSP
00520210624210325
007cr |||||||||||
008150406|1998||||xxc|||||o    f|0| 0 fre|d
040 |aCaOODSP|bfre
043 |an-cn---
0861 |aTU3-5/98-12F-PDF
1102 |aBureau de la sécurité des transports du Canada.
24510|aPerte de maîtrise, Helico Air Services Ltd., Bell 206B (hélicoptère) C-GQKV, Trenton (Nouvelle-Écosse), 31 mars 1998 |h[ressource électronique]
260 |aGatineau - Québec : |bBureau de la sécurité des transports du Canada |c[1999].
300 |a9p.
4901 |aRapport d'enquête aéronautique |vA98A0042
500 |a«La publication de ce rapport a été autorisée le 4 mars 1999 par le Bureau»--p.9 de 9.
590 |a12-19-Supp|b2012-04-30
830#0|aRapport d'enquête aéronautique ;|vA98A0042|w(CaOODSP)9.501229
85640|ahttp://publications.gc.ca|qPDF|s83 Ko|uhttps://publications.gc.ca/collections/collection_2011/bst-tsb/TU3-5-98-12-fra.pdf|yA98A0042